| 000 | 00700nam a22002057a 4500 | ||
|---|---|---|---|
| 999 |
_c4498 _d4498 |
||
| 001 | 7178 | ||
| 003 | BD-DhUAP | ||
| 005 | 20201112102516.0 | ||
| 008 | 201111s2004 bg |||| |||| 001 0 ben d | ||
| 020 | _a9844123690 | ||
| 040 |
_aBD-DhUAP _bBen _cBD-DhUAP _dBD-DhUAP |
||
| 082 |
_223 _a954.922 MAM |
||
| 100 | _aমামুন, মুনতাসীর। | ||
| 245 |
_aঢাকা সমগ্র ২ / _cমুনতাসীর মামুন। |
||
| 260 |
_aঢাকা : _bঅনন্যা, _cc২০০৪। |
||
| 300 |
_a৩৮৪ পৃষ্ঠা ; _c২১ সেমি.। |
||
| 500 | _aনিঘন্ট সম্বলিত। | ||
| 651 |
_aBangladesh _zDhaka. |
||
| 942 |
_2ddc _cBK |
||